[Event "XIII Abierto de la Constitucion"]
[Site "San Sebastian De Los Reyes"]
[Date "2011.12.05"]
[Round "4.8"]
[White "De La Orden Alcocer, Alejandro"]
[Black "Quevedo Marin, Manuel"]
[Result "0-1"]
[WhiteElo "1853"]
[BlackElo "2184"]
[PlyCount "72"]
[EventDate "2011.12.02"]

1. b3 e5 2. Bb2 Nc6 3. e3 Nf6 4. Bb5 Bd6 5. Na3 Na5 6. Nc4 Nxc4 7. Bxc4 O-O 8.
g4 b5 9. Bxb5 Bb7 10. Nf3 Nxg4 11. Rg1 Qf6 12. Be2 Qf5 13. d3 Bb4+ 14. c3 Bc5
15. h3 Nf6 16. Rg3 Qe6 17. b4 Be7 18. Qb3 d5 19. a3 c5 20. Ng5 Qd6 21. bxc5
Qxc5 22. d4 Qc7 23. dxe5 Qxe5 24. c4 Qc7 25. Rc1 Rab8 26. Qc3 Bc6 27. Nxh7 Kxh7
28. Bd3+ g6 29. Rg4 Rxb2 30. Rh4+ Kg8 31. Qxb2 Rb8 32. Qc3 Rc8 33. e4 dxc4 34.
Qd2 Nh5 35. Rg4 Rd8 36. Qc2 Qa5+ 0-1

[Event "XIII Abierto de la Constitucion"]
[Site "San Sebastian De Los Reyes"]
[Date "2011.12.05"]
[Round "4.9"]
[White "Tevar Sanz, Gonzalo"]
[Black "Esquivias Gomez, Fco. Javier"]
[Result "1-0"]
[WhiteElo "1807"]
[BlackElo "2034"]
[PlyCount "79"]
[EventDate "2011.12.02"]

1. d4 f5 2. Bf4 d6 3. Nf3 Nf6 4. e3 g6 5. Bc4 e6 6. Nc3 Bg7 7. Ng5 d5 8. Nb5
Na6 9. Bd3 O-O 10. a3 Ne8 11. Nc3 c5 12. Bxa6 bxa6 13. O-O h6 14. Nf3 g5 15.
Be5 Nf6 16. dxc5 g4 17. Nd4 Ne4 18. Nc6 Qe8 19. Bxg7 Kxg7 20. Qd4+ Kh7 21. Ne5
Ng5 22. Ne2 Rg8 23. Nf4 a5 24. b4 h5 25. c6 h4 26. b5 Rg7 27. c4 dxc4 28. Qxc4
h3 29. g3 Rb8 30. a4 Rb6 31. Rfd1 Nf7 32. Qc5 Nxe5 33. Qxe5 a6 34. Qc5 Rb8 35.
b6 Bb7 36. Rd6 Bc8 37. c7 Rb7 38. Rd8 Rgxc7 39. bxc7 Qxa4 40. Qe7+ 1-0

[Event "XIII Abierto de la Constitucion"]
[Site "San Sebastian De Los Reyes"]
[Date "2011.12.05"]
[Round "4.10"]
[White "Balsinde Montemayor, Pablo"]
[Black "Montiel Miguelez, Manuel"]
[Result "1-0"]
[WhiteElo "1790"]
[BlackElo "1934"]
[PlyCount "52"]
[EventDate "2011.12.02"]

1. d4 Nf6 2. c4 e6 3. Nc3 Bb4 4. f3 d5 5. a3 Bxc3+ 6. bxc3 O-O 7. Bg5 h6 8. Bh4
c5 9. e3 Nc6 10. Bd3 g5 11. Bg3 Re8 12. h4 Qa5 13. Ne2 g4 14. O-O dxc4 15. Bxc4
b5 16. Bd3 Bb7 17. fxg4 Nxg4 18. Rf4 Nxe3 19. Qd2 cxd4 20. Nxd4 Nxd4 21. Qxe3
Nf5 22. Rg4+ Kh7 23. Qe5 Rg8 24. Bxf5+ exf5 25. Qxf5+ Rg6 26. Qxf7+ Kh8 1-0

[Event "XIII Abierto de la Constitucion"]
[Site "San Sebastian De Los Reyes"]
[Date "2011.12.05"]
[Round "4.13"]
[White "Navarro Rodriguez, Jesus"]
[Black "Cubillo Muñoz, Miguel"]
[Result "0-1"]
[WhiteElo "1691"]
[BlackElo "2006"]
[PlyCount "36"]
[EventDate "2011.12.02"]

1. e4 c5 2. Nf3 Nc6 3. d4 cxd4 4. Nxd4 g6 5. c3 Bg7 6. Be3 Nf6 7. Qc2 Ng4 8.
Nxc6 Nxe3 9. Qe2 bxc6 10. Qxe3 Rb8 11. Qc1 Qb6 12. b4 Ba6 13. Nd2 Bxf1 14. Nxf1
d5 15. exd5 cxd5 16. Rb1 Rc8 17. Rb3 Qf6 18. c4 Rxc4 0-1

[Event "XIII Abierto de la Constitucion"]
[Site "San Sebastian De Los Reyes"]
[Date "2011.12.05"]
[Round "4.14"]
[White "Muñoz Sanchez, Daniel"]
[Black "Al-Zarif Zabala, Bassam"]
[Result "1-0"]
[WhiteElo "1995"]
[BlackElo "1701"]
[PlyCount "69"]
[EventDate "2011.12.02"]

1. e4 Nf6 2. e5 Nd5 3. c4 Nb6 4. d4 d6 5. exd6 exd6 6. Nc3 Be7 7. Be3 Bf5 8.
Bd3 Qd7 9. Nge2 Nc6 10. a3 Bxd3 11. Qxd3 Na5 12. O-O Naxc4 13. b3 Nxe3 14. fxe3
d5 15. Rf3 c6 16. Raf1 O-O 17. a4 Bd6 18. Ng3 Bxg3 19. Rxg3 Nc8 20. e4 dxe4 21.
Nxe4 f5 22. Ng5 Nd6 23. Rh3 h6 24. Nf3 Rf6 25. Ne5 Qe6 26. Re3 Ne4 27. g4 Raf8
28. gxf5 Rxf5 29. Rxf5 Qxf5 30. Rxe4 Qg5+ 31. Rg4 Qc1+ 32. Kg2 Qb2+ 33. Kh3 Rf6
34. Qg3 Qe2 35. Rxg7+ 1-0

[Event "XIII Abierto de la Constitucion"]
[Site "San Sebastian De Los Reyes"]
[Date "2011.12.05"]
[Round "4.15"]
[White "Perez Perez, Elena"]
[Black "Montero Garcia, Fco. Javier"]
[Result "0-1"]
[WhiteElo "1677"]
[BlackElo "1935"]
[PlyCount "92"]
[EventDate "2011.12.02"]

1. e4 c5 2. Nf3 e6 3. d4 cxd4 4. Nxd4 Nf6 5. Nc3 Nc6 6. Ndb5 Bb4 7. a3 Bxc3+ 8.
Nxc3 d5 9. exd5 exd5 10. Bg5 O-O 11. Be2 Bf5 12. O-O d4 13. Na2 Qd6 14. Bh4
Rac8 15. Bd3 Bg6 16. Bg3 Qc5 17. Re1 Nh5 18. Qf3 Nxg3 19. Qxg3 Rfe8 20. Rac1
Ne5 21. Bxg6 hxg6 22. Qb3 a5 23. Qg3 Qd5 24. b3 Qc5 25. b4 Qc4 26. Rxe5 Qxa2
27. Rxe8+ Rxe8 28. Qf3 axb4 29. axb4 Qb2 30. Qd1 Qxb4 31. Rb1 Qc3 32. h3 b5 33.
Kh2 b4 34. Qd3 Qxd3 35. cxd3 Rb8 36. Kg3 f5 37. Kf4 Rb5 38. g4 Kf7 39. Kf3 Ke6
40. Re1+ Kd6 41. Rb1 b3 42. Ke2 Kc5 43. Kd2 Kb4 44. f3 Ka3 45. gxf5 Ka2 46. Rg1
b2 0-1

[Event "XIII Abierto de la Constitucion"]
[Site "San Sebastian De Los Reyes"]
[Date "2011.12.05"]
[Round "4.16"]
[White "Martinez Cepedano, Roberto"]
[Black "Vidaurre, Luis Alberto"]
[Result "1/2-1/2"]
[WhiteElo "1683"]
[BlackElo "1871"]
[PlyCount "115"]
[EventDate "2011.12.02"]

1. e4 c5 2. Nf3 d6 3. d4 cxd4 4. Nxd4 Nc6 5. Nc3 Nf6 6. Bg5 e6 7. Be2 a6 8. a4
h6 9. Be3 Be7 10. Bf3 O-O 11. Nxc6 bxc6 12. e5 Nd5 13. Nxd5 cxd5 14. c4 dxe5
15. cxd5 exd5 16. Qxd5 Qxd5 17. Bxd5 Rb8 18. b3 Be6 19. Bxe6 fxe6 20. Rb1 Rfd8
21. Ke2 Rb7 22. Rhc1 Kf7 23. Rc6 a5 24. Rb6 Rxb6 25. Bxb6 Rd5 26. Rd1 Bb4 27.
Be3 e4 28. Rd4 Rh5 29. h3 Re5 30. Bd2 Bxd2 31. Kxd2 Kf6 32. Ke3 Rg5 33. g3 Rc5
34. Kxe4 g6 35. b4 axb4 36. Rxb4 Rc2 37. Kd3 Ra2 38. Kc3 g5 39. Kc4 Rxf2 40.
Kb5 Rf3 41. a5 Rxg3 42. a6 Rd3 43. a7 Rd8 44. Kb6 Kf5 45. Rc4 Ra8 46. Kb7 Rxa7+
47. Kxa7 h5 48. Kb6 g4 49. hxg4+ hxg4 50. Kc5 e5 51. Kd5 g3 52. Rc2 Kf4 53. Kc4
Kf3 54. Rc3+ Kf2 55. Rc2+ Kf3 56. Rc3+ Kf2 57. Rc2+ Kf3 58. Rc3+ 1/2-1/2

[Event "XIII Abierto de la Constitucion"]
[Site "San Sebastian De Los Reyes"]
[Date "2011.12.05"]
[Round "4.17"]
[White "Cerrato Sampablo, Antonio"]
[Black "De Luna Butz, Alberto"]
[Result "0-1"]
[WhiteElo "1581"]
[BlackElo "1811"]
[PlyCount "107"]
[EventDate "2011.12.02"]

1. e4 c5 2. Nf3 Nc6 3. c3 Nf6 4. e5 Nd5 5. d4 cxd4 6. cxd4 d6 7. Bb5 Qa5+ 8.
Nc3 Nxc3 9. Bxc6+ bxc6 10. Bd2 Nxd1 11. Bxa5 Nxb2 12. O-O Nc4 13. Bb4 a5 14.
Rac1 d5 15. Bc5 e6 16. Bxf8 Rxf8 17. Ng5 h6 18. Nh3 Ba6 19. f4 Nxe5 20. fxe5
Bxf1 21. Kxf1 Kd7 22. Nf4 Rab8 23. Nd3 Rb5 24. Nc5+ Kc7 25. Rc2 Rxc5 26. Rxc5
Kb6 27. Ke2 f6 28. exf6 gxf6 29. Rc2 e5 30. Rb2+ Kc7 31. Kd3 exd4 32. Kxd4 Re8
33. Rf2 Re4+ 34. Kd3 Re6 35. Rf4 Kb6 36. g4 Re4 37. Rxf6 Rxg4 38. Rxh6 Rg2 39.
a4 Rg4 40. h4 Rxa4 41. h5 Kc5 42. Rg6 Ra3+ 43. Ke2 Rh3 44. h6 a4 45. Kf2 a3 46.
Kg2 Rh5 47. Rg3 Rxh6 48. Rxa3 Rf6 49. Kg3 Kb4 50. Ra6 d4 51. Kg4 d3 52. Ra8 Rd6
53. Ra1 d2 54. Rd1 0-1

[Event "XIII Abierto de la Constitucion"]
[Site "San Sebastian De Los Reyes"]
[Date "2011.12.05"]
[Round "4.18"]
[White "Largo Barbero, Benito"]
[Black "Cerrato Torrijos, Javier"]
[Result "1-0"]
[WhiteElo "1798"]
[BlackElo "1675"]
[PlyCount "59"]
[EventDate "2011.12.02"]

1. e4 c5 2. Nc3 d6 3. g3 Nc6 4. Bg2 Nf6 5. d3 g6 6. Nce2 Bg7 7. c3 O-O 8. f4
Bg4 9. h3 Bxe2 10. Qxe2 b5 11. e5 Rc8 12. exf6 Bxf6 13. Be3 b4 14. Qc2 Qa5 15.
Bxc6 Rxc6 16. Bd2 Rfc8 17. Nf3 d5 18. O-O d4 19. c4 Qc7 20. Rae1 h6 21. Re2 g5
22. Rg2 Qd7 23. g4 gxf4 24. Bxf4 Kh7 25. Qf2 Rg8 26. Kh2 Qe8 27. g5 Bg7 28.
Rfg1 Rg6 29. Nh4 Ra6 30. gxh6 1-0

[Event "XIII Abierto de la Constitucion"]
[Site "San Sebastian De Los Reyes"]
[Date "2011.12.05"]
[Round "4.19"]
[White "Farmer Negrini, Leo"]
[Black "Perez-Nuñez Castillo, Jose Antonio"]
[Result "1/2-1/2"]
[WhiteElo "1790"]
[BlackElo "1665"]
[PlyCount "140"]
[EventDate "2011.12.02"]

1. e4 c6 2. d4 d5 3. Nc3 dxe4 4. Nxe4 Bf5 5. Ng3 Bg6 6. h4 h6 7. h5 Bh7 8. Nf3
Qc7 9. Bc4 e6 10. Bd3 Bxd3 11. Qxd3 Nd7 12. Bd2 Ngf6 13. c4 O-O-O 14. O-O c5
15. d5 Nb6 16. Ba5 exd5 17. cxd5 Rxd5 18. Qe2 Bd6 19. Ne4 Re8 20. Nxd6+ Qxd6
21. Qc2 Kb8 22. Rad1 Rd8 23. Rde1 Rxh5 24. Bc3 Nbd7 25. Rd1 Rd5 26. Rxd5 Qxd5
27. Rd1 Qe6 28. Qa4 Rc8 29. Re1 Qc6 30. Qb3 Qd5 31. Qc2 Re8 32. Rd1 Qc6 33. Qf5
g6 34. Qf4+ Qc7 35. Qh4 Re6 36. Qa4 Ng8 37. Bd2 g5 38. Qc4 Ne5 39. Nxe5 Rxe5
40. Bc3 Re6 41. Qd5 Ne7 42. Qf3 Nc6 43. g3 Qe7 44. Qd5 Kc7 45. a3 Rd6 46. Qf3
Rxd1+ 47. Qxd1 Qe4 48. Qh5 Qg6 49. Qe2 f5 50. Qe3 b6 51. f4 g4 52. Kg2 Qd6 53.
Qe8 Qd5+ 54. Kh2 Nd4 55. Qe7+ Qd7 56. Qe5+ Kb7 57. Qf6 Nf3+ 58. Kg2 Qd3 59. Kf2
Qc2+ 60. Ke3 Qe4+ 61. Kf2 Qc2+ 62. Ke3 Qc1+ 63. Kf2 Qg1+ 64. Ke2 Qg2+ 65. Ke3
Ng1 66. Qf7+ Ka6 67. Qc4+ Kb7 68. Qf7+ Kc6 69. Qe8+ Kb7 70. Qd7+ Ka6 1/2-1/2

[Event "XIII Abierto de la Constitucion"]
[Site "San Sebastian De Los Reyes"]
[Date "2011.12.05"]
[Round "4.21"]
[White "Sebastian Enesco, Alex"]
[Black "Alfaya Marcelo, Roberto"]
[Result "1-0"]
[WhiteElo "1784"]
[BlackElo "1652"]
[PlyCount "103"]
[EventDate "2011.12.02"]

1. e4 d6 2. d4 g6 3. Be3 Bg7 4. c3 Nf6 5. Nd2 O-O 6. Be2 e5 7. Ngf3 Re8 8. Qc2
Nbd7 9. O-O-O c6 10. Nc4 Qc7 11. dxe5 dxe5 12. Nd6 Rd8 13. Bc4 Rf8 14. Qb3 Nb6
15. Bxb6 Qxb6 16. Qxb6 axb6 17. Nxf7 b5 18. Bb3 c5 19. N7xe5+ c4 20. Bc2 Rxa2
21. b3 Rxc2+ 22. Kxc2 Nxe4 23. Rhf1 Bxe5 24. Nxe5 Nxf2 25. Rd2 Bf5+ 26. Kb2
Nd3+ 27. Nxd3 Bxd3 28. Rxf8+ Kxf8 29. bxc4 bxc4 30. Ka3 Ke7 31. Kb4 Kd6 32. Rf2
Ke6 33. Kc5 h5 34. Kd4 g5 35. Rb2 Bf1 36. g3 h4 37. Rxb7 hxg3 38. hxg3 Bg2 39.
Rg7 Kf6 40. Rc7 Kf5 41. Kxc4 g4 42. Kd4 Ke6 43. Rg7 Bf3 44. c4 Kf5 45. c5 Bc6
46. Rc7 Bf3 47. c6 Ke6 48. Kc5 Ke5 49. Re7+ Kf5 50. c7 Bb7 51. Kd4 Bc8 52. Re8
1-0

[Event "XIII Abierto de la Constitucion"]
[Site "San Sebastian De Los Reyes"]
[Date "2011.12.05"]
[Round "4.22"]
[White "Gonzalez Berrendero, Carlos"]
[Black "Hernandez Ramos, David"]
[Result "1-0"]
[WhiteElo "1761"]
[BlackElo "1574"]
[PlyCount "75"]
[EventDate "2011.12.02"]

1. e4 e6 2. Nf3 d5 3. e5 c5 4. d4 Nc6 5. c3 Qb6 6. Be2 Nge7 7. dxc5 Qxc5 8. Be3
Qa5 9. b4 Qc7 10. Bf4 Ng6 11. Bg3 Ncxe5 12. Nxe5 Nxe5 13. Qd4 f6 14. Bh5+ Kd8
15. O-O Bd6 16. a4 Nc6 17. Bxd6 Qxd6 18. Qe3 e5 19. Nd2 Be6 20. b5 Ne7 21. Rfd1
Qc7 22. Nb3 b6 23. Rac1 Nf5 24. Qd3 g6 25. Bg4 Ke7 26. Bxf5 gxf5 27. Nd2 Rad8
28. Qh3 Qc5 29. Nf3 Qc4 30. Qh6 Rdg8 31. Nd4 exd4 32. cxd4 Qxa4 33. Rc7+ Kd8
34. Rdc1 Rg6 35. Qf4 Qa3 36. Rc8+ Ke7 37. Qc7+ Bd7 38. Re1+ 1-0

[Event "XIII Abierto de la Constitucion"]
[Site "San Sebastian De Los Reyes"]
[Date "2011.12.05"]
[Round "4.26"]
[White "Martinez Miura, Enrique"]
[Black "Anton Quevedo, Andrea"]
[Result "1/2-1/2"]
[WhiteElo "1713"]
[BlackElo "1445"]
[PlyCount "51"]
[EventDate "2011.12.02"]

1. e4 c5 2. c4 e5 3. Nc3 Nc6 4. g3 Nf6 5. Bg2 g6 6. Nge2 Bg7 7. O-O O-O 8. d3
d6 9. a3 Be6 10. Nd5 Bxd5 11. cxd5 Nd4 12. Nxd4 cxd4 13. Bd2 Qb6 14. b4 Rac8
15. Bh3 Rc7 16. Qb3 Nd7 17. Bxd7 Rxd7 18. Rfc1 Rc7 {(=)} 19. Rxc7 Qxc7 20. Rc1
Qd7 21. Qc2 f5 22. f4 fxe4 23. dxe4 exf4 24. Bxf4 Be5 25. Bh6 Re8 26. Rf1
1/2-1/2

[Event "XIII Abierto de la Constitucion"]
[Site "San Sebastian De Los Reyes"]
[Date "2011.12.05"]
[Round "4.31"]
[White "Hernandez Ramos, Alberto"]
[Black "Plazuelo Pascual, Juan"]
[Result "0-1"]
[WhiteElo "1430"]
[BlackElo "1678"]
[PlyCount "54"]
[EventDate "2011.12.02"]

1. e4 e6 2. d4 d5 3. exd5 exd5 4. c4 Nf6 5. Nc3 c6 6. Be3 Be7 7. Qb3 O-O 8. Be2
b6 9. Nf3 Bg4 10. O-O dxc4 11. Qxc4 Qc7 12. Ne5 Bxe2 13. Nxe2 Bd6 14. Nf3 Ng4
15. g3 Nxe3 16. fxe3 Re8 17. Kf2 Nd7 18. Rac1 Rac8 19. Qb3 Nf6 20. Nc3 Ng4+ 21.
Ke2 Nxe3 22. Rh1 Ng4+ 23. Kd2 Bf4+ 24. Kc2 Bxc1 25. Rxc1 Re3 26. Rf1 Rce8 27.
Kd2 Qe7 0-1

[Event "XIII Abierto de la Constitucion"]
[Site "San Sebastian De Los Reyes"]
[Date "2011.12.05"]
[Round "4.33"]
[White "Jimenez Perez, Federico"]
[Black "Ureña Castellanos, Antonio"]
[Result "0-1"]
[WhiteElo "1304"]
[BlackElo "1648"]
[PlyCount "95"]
[EventDate "2011.12.02"]

1. e4 c5 2. Nf3 e6 3. d4 cxd4 4. Nxd4 Nc6 5. Bb5 a6 6. Ba4 b5 7. Bb3 Qc7 8. O-O
Nf6 9. Re1 Nxd4 10. Qxd4 Bc5 11. Qd2 Bb7 12. e5 Nd5 13. Bxd5 Bxd5 14. Nc3 Bb7
15. Qf4 O-O 16. Be3 Qc6 17. Qg4 f5 18. exf6 Rxf6 19. Bxc5 Qxc5 20. Re2 Raf8 21.
Rf1 Bf3 22. gxf3 Rg6 23. Qxg6 hxg6 24. Ne4 Qc4 25. Rd2 d5 26. b3 Qc6 27. Ng5
Rf5 28. h4 Re5 29. c4 bxc4 30. bxc4 Qxc4 31. Rb2 Kf8 32. Rfb1 Qxh4 33. Rb8+ Ke7
34. R1b7+ Kf6 35. Ne4+ dxe4 36. Rf8+ Kg5 37. f4+ Qxf4 38. Rxf4 Kxf4 39. Rf7+
Rf5 40. Rxg7 g5 41. Re7 Re5 42. Kg2 Kg4 43. Rf7 Ra5 44. a4 Rxa4 45. f3+ exf3+
46. Rxf3 Ra2+ 47. Rf2 Rxf2+ 48. Kxf2 0-1

[Event "XIII Abierto de la Constitucion"]
[Site "San Sebastian De Los Reyes"]
[Date "2011.12.05"]
[Round "4.35"]
[White "Martin Rodriguez, Jose Luis"]
[Black "Perez Perez, Marta"]
[Result "1-0"]
[WhiteElo "1483"]
[BlackElo "1404"]
[PlyCount "87"]
[EventDate "2011.12.02"]

1. e4 e5 2. Nf3 Nc6 3. d4 exd4 4. Nxd4 Bc5 5. Be3 d6 6. Nxc6 bxc6 7. Bxc5 dxc5
8. Qxd8+ Kxd8 9. Nc3 Ne7 10. O-O-O+ Bd7 11. Bc4 Rf8 12. Na4 Ke8 13. Nxc5 Be6
14. Bxe6 fxe6 15. Nxe6 Rc8 16. Nxf8 Kxf8 17. Rd3 Ng6 18. Rhd1 Ke8 19. Rd7 Kf8
20. Rd8+ Rxd8 21. Rxd8+ Ke7 22. Ra8 Kd7 23. Rxa7 Nf4 24. g3 Ne2+ 25. Kd2 Nd4
26. Ra3 Nb5 27. Rd3+ Ke7 28. a4 Nd6 29. Rxd6 cxd6 30. Kd3 Ke6 31. c3 d5 32.
exd5+ Kxd5 33. b4 h6 34. c4+ Kd6 35. Kd4 g5 36. a5 Kc7 37. Kc5 g4 38. a6 h5 39.
a7 Kb7 40. a8=Q+ Kxa8 41. Kxc6 Kb8 42. Kd6 Kc8 43. Ke6 Kd8 44. Kf5 1-0

[Event "XIII Abierto de la Constitucion"]
[Site "San Sebastian De Los Reyes"]
[Date "2011.12.06"]
[Round "5.1"]
[White "Barez Menendez, Hector"]
[Black "Almagro Llamas, Pablo"]
[Result "0-1"]
[WhiteElo "2161"]
[BlackElo "2461"]
[PlyCount "50"]
[EventDate "2011.12.02"]

1. d4 Nf6 2. Nf3 e6 3. e3 c5 4. Bd3 Be7 5. O-O Nc6 6. b3 O-O 7. Bb2 b6 8. c4
cxd4 9. exd4 d5 10. Nc3 Bb7 11. Qe2 Rc8 12. Rac1 dxc4 13. bxc4 Nb4 14. Bb1 Bxf3
15. gxf3 Nc6 16. d5 Nd4 17. Qd3 Nf5 18. Ne4 Nh5 19. Ng3 Nf4 20. Qe4 Bd6 21.
Rcd1 Qh4 22. Bc1 Rxc4 23. Bxf4 Rxe4 24. Nxf5 Qxf4 25. Nxd6 Re5 0-1

[Event "XIII Abierto de la Constitucion"]
[Site "San Sebastian De Los Reyes"]
[Date "2011.12.06"]
[Round "5.2"]
[White "Bustos Serrano, Doroteo"]
[Black "Roa Alonso, Santiago"]
[Result "0-1"]
[WhiteElo "2120"]
[BlackElo "2418"]
[PlyCount "80"]
[EventDate "2011.12.02"]

1. e4 d6 2. Nf3 Nf6 3. Nc3 g6 4. d4 Bg7 5. h3 O-O 6. Be3 c6 7. a4 Qc7 8. Qd2
Nbd7 9. Be2 b6 10. O-O Bb7 11. Bh6 e5 12. Bxg7 Kxg7 13. Rfd1 Rfe8 14. dxe5 dxe5
15. Bc4 Nc5 16. Ng5 Rad8 17. Qe2 Rxd1+ 18. Rxd1 Re7 19. b4 Ne6 20. Bxe6 fxe6
21. Qc4 Bc8 22. Ne2 h6 23. Nf3 c5 24. Nc3 cxb4 25. Qxb4 a5 26. Qa3 Rf7 27. Nb5
Qe7 28. Nxe5 Qxa3 29. Nxa3 Rc7 30. c4 Nxe4 31. Rd8 Nc3 32. Nb5 Nxb5 33. cxb5
Kf6 34. Nc6 Bb7 35. Rd6 Bxc6 36. bxc6 Ke5 37. Rd7 Rxc6 38. Rg7 Rc1+ 39. Kh2 Kf6
40. Rb7 Rb1 0-1

[Event "XIII Abierto de la Constitucion"]
[Site "San Sebastian De Los Reyes"]
[Date "2011.12.06"]
[Round "5.3"]
[White "Adan Bermudez, Sergio"]
[Black "Lopez De Turiso Sanchez, Jose Angel"]
[Result "1-0"]
[WhiteElo "2292"]
[BlackElo "2065"]
[PlyCount "95"]
[EventDate "2011.12.02"]

1. c4 c5 2. g3 Nc6 3. Bg2 g6 4. Nc3 Bg7 5. b3 e5 6. Bb2 d6 7. e3 Nge7 8. Nge2
Rb8 9. Nd5 a6 10. O-O b5 11. Nxe7 Nxe7 12. d3 Be6 13. Qd2 h5 14. cxb5 axb5 15.
d4 h4 16. dxc5 dxc5 17. Qxd8+ Rxd8 18. Nc3 hxg3 19. hxg3 c4 20. Nxb5 cxb3 21.
Nc7+ Kd7 22. Rac1 Nf5 23. Rfd1+ Ke7 24. Nxe6 Kxe6 25. Rc6+ Ke7 26. Bd5 bxa2 27.
Rc7+ Rd7 28. Rxd7+ Kxd7 29. Bxf7+ Ke7 30. Bxa2 Rc8 31. Ba3+ Ke8 32. Be6 Ra8 33.
Bb4 Rb8 34. Bc5 Bf6 35. Rd7 Rb5 36. Rc7 Rb8 37. Bf7+ Kd8 38. Rc6 Be7 39. Bxg6
Kd7 40. Bxf5+ Kxc6 41. Bxe7 Re8 42. Bb4 e4 43. Bg6 Re6 44. Bf7 Re5 45. Kg2 Kd7
46. g4 Kc6 47. Kg3 Kb5 48. Kf4 1-0

[Event "XIII Abierto de la Constitucion"]
[Site "San Sebastian De Los Reyes"]
[Date "2011.12.06"]
[Round "5.4"]
[White "Hernando Pertierra, Jose Carlos"]
[Black "Garcia-Ruiz Fuentes, Marcos"]
[Result "1-0"]
[WhiteElo "2373"]
[BlackElo "1841"]
[PlyCount "85"]
[EventDate "2011.12.02"]

1. Nf3 d6 2. e4 c5 3. Bb5+ Bd7 4. Bxd7+ Nxd7 5. O-O Ngf6 6. Re1 e6 7. c3 Be7 8.
d3 Ng4 9. d4 Bh4 10. Re2 h5 11. Na3 Be7 12. Nc4 b5 13. Ne3 Nxe3 14. Bxe3 c4 15.
b3 Nb6 16. d5 e5 17. Nd2 Rc8 18. Bxb6 Qxb6 19. bxc4 bxc4 20. Qa4+ Kf8 21. Rb1
Qc7 22. Nxc4 g6 23. Na5 Qxc3 24. Nc6 Bd8 25. Qa6 Rxc6 26. Qxc6 Qxc6 27. dxc6
Bb6 28. a4 Ke7 29. a5 Bc5 30. Rb7+ Ke6 31. Rc2 Rc8 32. Kf1 Bd4 33. Ke2 Bc5 34.
h3 f5 35. f3 f4 36. Kd3 Kf6 37. h4 Ke6 38. Rcb2 d5 39. Rg7 dxe4+ 40. Kxe4 Kf6
41. Rbb7 Rxc6 42. Kd5 Rc8 43. Rgf7# 1-0

[Event "XIII Abierto de la Constitucion"]
[Site "San Sebastian De Los Reyes"]
[Date "2011.12.06"]
[Round "5.5"]
[White "Perez Alvarez, Javier"]
[Black "Cueto, Johnny"]
[Result "0-1"]
[WhiteElo "1810"]
[BlackElo "2301"]
[PlyCount "66"]
[EventDate "2011.12.02"]

1. e4 d6 2. d4 Nf6 3. Nc3 e5 4. dxe5 dxe5 5. Qxd8+ Kxd8 6. Bc4 Bb4 7. Bd2 Ke7
8. a3 Bd6 9. f3 c6 10. Ba2 b5 11. Be3 a5 12. Rd1 Be6 13. Bxe6 Kxe6 14. Nb1 Nbd7
15. Nh3 Bc5 16. Bxc5 Nxc5 17. b3 Ke7 18. Nc3 Nfd7 19. Nf2 f6 20. Ne2 a4 21. b4
Ne6 22. Nd3 Nb6 23. Nb2 Rhc8 24. Kf2 c5 25. bxc5 Rxc5 26. c3 Rac8 27. Rc1 Nf4
28. Nxf4 exf4 29. c4 g5 30. Ke2 bxc4 31. Nd1 c3 32. Nf2 Rb5 33. Nd1 Rb3 0-1

[Event "XIII Abierto de la Constitucion"]
[Site "San Sebastian De Los Reyes"]
[Date "2011.12.06"]
[Round "5.6"]
[White "Quevedo Marin, Manuel"]
[Black "Tevar Sanz, Gonzalo"]
[Result "1-0"]
[WhiteElo "2184"]
[BlackElo "1807"]
[PlyCount "47"]
[EventDate "2011.12.02"]

1. d4 e6 2. c4 Nf6 3. Nc3 Bb4 4. e3 c5 5. Nf3 Ne4 6. Qc2 Bxc3+ 7. bxc3 f5 8.
Bd3 d5 9. O-O Nc6 10. cxd5 exd5 11. dxc5 O-O 12. Rb1 Qa5 13. Rb5 Qc7 14. c4 a6
15. Rb1 Nxc5 16. cxd5 Nxd3 17. Qxd3 Ne5 18. Nxe5 Qxe5 19. Bb2 Qe4 20. Qc3 Rf6 {
(=)} 21. Rbd1 Rg6 22. f3 Qh4 23. Qe5 b5 24. Qe8# 1-0

[Event "XIII Abierto de la Constitucion"]
[Site "San Sebastian De Los Reyes"]
[Date "2011.12.06"]
[Round "5.7"]
[White "Ramos Del Campo, Alexander"]
[Black "Balsinde Montemayor, Pablo"]
[Result "1-0"]
[WhiteElo "2038"]
[BlackElo "1790"]
[PlyCount "59"]
[EventDate "2011.12.02"]

1. e4 d6 2. d4 Nf6 3. Nc3 e5 4. Nf3 Nbd7 5. Bc4 Be7 6. O-O O-O 7. Re1 c6 8. a4
a5 9. h3 exd4 10. Qxd4 Nb6 11. Bb3 Be6 12. Bxe6 fxe6 13. Ng5 c5 14. Qd3 Qd7 15.
Qb5 Qxb5 16. Nxb5 e5 17. b3 h6 18. Ne6 Rfc8 19. Nec7 Rab8 20. Bd2 Bd8 21. Ne6
Na8 22. Nxd8 Rxd8 23. Bxa5 b6 24. Bc3 Rbc8 25. Rad1 Ne8 26. Re3 c4 27. Bb4 cxb3
28. cxb3 Nac7 29. Na7 Ra8 30. Nc6 1-0

[Event "XIII Abierto de la Constitucion"]
[Site "San Sebastian De Los Reyes"]
[Date "2011.12.06"]
[Round "5.8"]
[White "Camarero Izquierdo, Juan Carlos"]
[Black "Dierssen Garcia-Barredo, Guillermo"]
[Result "0-1"]
[WhiteElo "1915"]
[BlackElo "1770"]
[PlyCount "78"]
[EventDate "2011.12.02"]

1. d4 Nf6 2. Nc3 d5 3. Bg5 Nbd7 4. Qd3 h6 5. Bh4 e6 6. e4 dxe4 7. Nxe4 Be7 8.
Bxf6 Bxf6 9. f4 c5 10. Nd6+ Ke7 11. Ne4 Qa5+ 12. c3 cxd4 13. b4 Qc7 14. Nxf6
Nxf6 15. Qxd4 Rd8 16. Qe5 Qb6 17. Bc4 Ng4 18. Qe2 Qe3 19. Kf1 Rd2 20. Qxe3
Nxe3+ 21. Ke1 Nxc4 22. Ne2 Rd6 23. Nd4 Ne3 24. Kf2 Nd5 25. Nb5 Rd8 26. Rad1 Bd7
27. Rxd5 exd5 28. Re1+ Kf8 29. Nc7 Rac8 30. Nxd5 Be6 31. Ne3 Rxc3 32. f5 Rd2+
33. Kf3 Bxf5 34. Kf4 Be6 35. a4 Rd4+ 36. Ke5 Rxb4 37. g4 Ke7 38. h4 Rc5+ 39.
Nd5+ Rxd5# 0-1

[Event "XIII Abierto de la Constitucion"]
[Site "San Sebastian De Los Reyes"]
[Date "2011.12.06"]
[Round "5.9"]
[White "Gueler Berdasco, Martin"]
[Black "Nieto Esteban, Manuel"]
[Result "1-0"]
[WhiteElo "1879"]
[BlackElo "1760"]
[PlyCount "139"]
[EventDate "2011.12.02"]

1. d4 Nf6 2. Bg5 Ne4 3. Bf4 d5 4. Nf3 Bf5 5. Nbd2 Nxd2 6. Qxd2 c6 7. e3 e6 8.
Bd3 Bxd3 9. Qxd3 Be7 10. O-O O-O 11. a3 Nd7 12. c4 dxc4 13. Qxc4 Nf6 14. b4 Qd5
15. Rfc1 Qxc4 16. Rxc4 Nh5 17. Bg3 Nxg3 18. hxg3 Bd6 19. Ng5 h6 20. Ne4 Rad8
21. Nc5 Bxc5 22. bxc5 f6 23. Rb1 Rd7 24. Rcb4 Rff7 25. Kf1 Rfe7 26. Ke2 Kf7 27.
a4 Kf8 28. a5 a6 29. Kd3 Kf7 30. R1b2 Kf8 31. g4 Kf7 32. f4 Kg6 33. Rf2 Kf7 34.
g3 Kg6 35. f5+ Kf7 36. fxe6+ Rxe6 37. e4 Kg6 38. Rf5 Kf7 39. d5 cxd5 40. exd5
Re1 41. d6 Ra1 42. Rd5 Ke6 43. Rdd4 Rxa5 44. Kc4 Ra1 45. Re4+ Kf7 46. Re7+ Rxe7
47. dxe7 Kxe7 48. Rxb7+ Kd8 49. Rxg7 Rc1+ 50. Kd5 a5 51. Kc6 a4 52. Ra7 Ra1 53.
Ra8+ Ke7 54. Kc7 a3 55. c6 a2 56. Ra6 Ke8 57. Ra8+ Ke7 58. Ra6 Ke8 59. Ra8+ Ke7
60. Ra3 Ke8 61. Re3+ Kf7 62. Re2 Kf8 63. Rh2 Kg7 64. Rd2 Rg1 65. Rxa2 Rxg3 66.
Ra4 Rc3 67. Kd7 Rd3+ 68. Kc8 Kf7 69. Ra7+ Ke6 70. Rd7 {Tiempo} 1-0